|
|
|
|
| LEADER |
03040nam a2200397 a 4500 |
| 001 |
37233 |
| 003 |
BD-DhAAL |
| 005 |
20211129105503.0 |
| 008 |
210207t19882020ii a|||| |||| 001 0 eng d |
| 999 |
|
|
|c 42152
|d 42152
|
| 020 |
|
|
|a 9789352996810
|
| 040 |
|
|
|a BD-DhAAL
|
| 082 |
|
|
|a 658.049
|2 20
|
| 100 |
|
|
|a Aswathappa, K.
|9 40888
|
| 245 |
|
|
|a Essentials of Business Environment :
|b Text, cases & exercises /
|c K. Aswathappa
|
| 250 |
|
|
|a Fifteenth edition
|
| 260 |
|
|
|a Mumbai, India :
|b Himalaya Pub. House,
|c c2020.
|
| 300 |
|
|
|a xix, 778 pages :
|b ill. ;
|c 28 cm
|
| 500 |
|
|
|a Include index
|
| 526 |
|
|
|a BBS
|
| 541 |
|
|
|a Trim Education
|e 37233, 37234, 37235, 37236, 37237, 37238, 37239, 37240, 37241, 37242
|
| 650 |
|
|
|a Business.
|9 40889
|
| 650 |
|
|
|a Work environment.
|9 40890
|
| 650 |
|
|
|a Business & finance
|9 43324
|
| 852 |
|
|
|a Ayesha Abed Library
|c General stacks
|
| 942 |
|
|
|2 ddc
|c BK
|
| 952 |
|
|
|0 0
|1 0
|2 ddc
|4 0
|6 658_049000000000000_ASW
|7 0
|9 68125
|a BRACUL
|b BRACUL
|c GEN
|d 2020-03-12
|e Trim Education
|g 1375.00
|l 0
|o 658.049 ASW
|p 3010037242
|r 2020-03-12
|t 10
|v 1375.00
|w 2020-03-12
|y BK
|x Received During Pandemic
|
| 952 |
|
|
|0 0
|1 0
|2 ddc
|4 0
|6 658_049000000000000_ASW
|7 0
|9 68126
|a BRACUL
|b BRACUL
|c GEN
|d 2020-03-12
|e Trim Education
|g 1375.00
|l 0
|o 658.049 ASW
|p 3010037234
|r 2020-03-12
|t 2
|v 1375.00
|w 2020-03-12
|y BK
|x Received During Pandemic
|
| 952 |
|
|
|0 0
|1 0
|2 ddc
|4 0
|6 658_049000000000000_ASW
|7 0
|9 68127
|a BRACUL
|b BRACUL
|c GEN
|d 2020-03-12
|e Trim Education
|g 1375.00
|l 0
|o 658.049 ASW
|p 3010037241
|r 2020-03-12
|t 9
|v 1375.00
|w 2020-03-12
|y BK
|x Received During Pandemic
|
| 952 |
|
|
|0 0
|1 0
|2 ddc
|4 0
|6 658_049000000000000_ASW
|7 0
|9 68128
|a BRACUL
|b BRACUL
|c GEN
|d 2020-03-12
|e Trim Education
|g 1375.00
|l 0
|o 658.049 ASW
|p 3010037237
|r 2020-03-12
|t 5
|v 1375.00
|w 2020-03-12
|y BK
|x Received During Pandemic
|
| 952 |
|
|
|0 0
|1 0
|2 ddc
|4 0
|6 658_049000000000000_ASW
|7 0
|9 68129
|a BRACUL
|b BRACUL
|c GEN
|d 2020-03-12
|e Trim Education
|g 1375.00
|l 0
|o 658.049 ASW
|p 3010037240
|r 2020-03-12
|t 8
|v 1375.00
|w 2020-03-12
|y BK
|x Received During Pandemic
|
| 952 |
|
|
|0 0
|1 0
|2 ddc
|4 0
|6 658_049000000000000_ASW
|7 0
|9 68130
|a BRACUL
|b BRACUL
|c GEN
|d 2020-03-12
|e Trim Education
|g 1375.00
|l 0
|o 658.049 ASW
|p 3010037238
|r 2020-03-12
|t 6
|v 1375.00
|w 2020-03-12
|y BK
|x Received During Pandemic
|
| 952 |
|
|
|0 0
|1 0
|2 ddc
|4 0
|6 658_049000000000000_ASW
|7 0
|9 68131
|a BRACUL
|b BRACUL
|c GEN
|d 2020-03-12
|e Trim Education
|g 1375.00
|l 0
|o 658.049 ASW
|p 3010037239
|r 2020-03-12
|t 7
|v 1375.00
|w 2020-03-12
|y BK
|x Received During Pandemic
|
| 952 |
|
|
|0 0
|1 0
|2 ddc
|4 0
|6 658_049000000000000_ASW
|7 0
|9 68132
|a BRACUL
|b BRACUL
|c GEN
|d 2020-03-12
|e Trim Education
|g 1375.00
|l 0
|o 658.049 ASW
|p 3010037236
|r 2020-03-12
|t 4
|v 1375.00
|w 2020-03-12
|y BK
|x Received During Pandemic
|
| 952 |
|
|
|0 0
|1 0
|2 ddc
|4 0
|6 658_049000000000000_ASW
|7 0
|9 68133
|a BRACUL
|b BRACUL
|c GEN
|d 2020-03-12
|e Trim Education
|g 1375.00
|l 0
|o 658.049 ASW
|p 3010037235
|r 2020-03-12
|t 3
|v 1375.00
|w 2020-03-12
|y BK
|x Received During Pandemic
|
| 952 |
|
|
|0 0
|1 0
|2 ddc
|4 0
|6 658_049000000000000_ASW
|7 0
|9 68134
|a BRACUL
|b BRACUL
|c GEN
|d 2020-03-12
|e Trim Education
|g 1375.00
|l 0
|o 658.049 ASW
|p 3010037233
|r 2020-03-12
|t 1
|v 1375.00
|w 2020-03-12
|y BK
|x Received During Pandemic
|